Manual de operaciones en la red eléctrica subterránea de San José
Tallennettuna:
| Päätekijä: | |
|---|---|
| Muut tekijät: | |
| Aineistotyyppi: | Kirja |
| Julkaistu: |
[San José, Costa Rica]
2003
|
| Aiheet: | |
| Tagit: |
Lisää tagi
Ei tageja, Lisää ensimmäinen tagi!
|
MARC
| LEADER | 00000nam a2200000Ia 4500 | ||
|---|---|---|---|
| 003 | 009200 | ||
| 005 | 20221231144146.0 | ||
| 008 | 140114s2003 cr a 000 ||sp d | ||
| 040 | |c cru CEDI | ||
| 090 | |a TFG 4740 | ||
| 100 | |a Madrigal Alvarez, Alex |9 6905 | ||
| 245 | |a Manual de operaciones en la red eléctrica subterránea de San José | ||
| 260 | |c 2003 |a [San José, Costa Rica] | ||
| 300 | |a xvi, 115, 19, 20, [24] hojas : ilustraciones | ||
| 500 | |a Proyecto de graduación (bachillerato en ingeniería eléctrica)--Universidad de Costa Rica. Facultad de Ingeniería. Escuela de Ingeniería Eléctrica | ||
| 650 | |x DISTRIBUCION DE ENERGIA ELECTRICA |x LINEAS ELECTRICAS SUBTERRANEAS |x MANUALES |9 6906 | ||
| 700 | |9 6907 |a Valverde Rojas, Jonathan | ||
| 942 | |c TFG | ||
| 999 | |c 17741 |d 17741 | ||
